Bramkarze - nagła śmierć - Statystyki

Ogólne statystyki
  • Ten quiz został rozwiązany 321 razy
  • Średni wynik to 14 z 15
Answers on the Grid
Answers color-coded by a green-red scale on the quiz's grid according to % correct below.
Wojciech Szczęsny
Andrea Pirlo
Manuel Neuer
Thibaut Courtois
Franck Ribéry
Iker Casillas
Oliver Kahn
Thomas Müller
Marcelo
Gianluigi Buffon
Jan Oblak
Fabián Ruiz
Lew Jaszyn
Paolo Maldini
Petr Čech
Javier Zanetti
Edwin van der Sar
Casemiro
James Maddison
Łukasz Fabiański
Antony
Gianluigi Donnarumma
Ederson
Mats Hummels
Peter Schmeichel
Paweł Bochniewicz
Artur Boruc
Evanilson
 
Statystyki odpowiedzi
Odpowiedź % Poprawnych
Wojciech Szczęsny
100%
Manuel Neuer
96%
Artur Boruc
94%
Gianluigi Buffon
94%
Gianluigi Donnarumma
94%
Iker Casillas
94%
Łukasz Fabiański
94%
Jan Oblak
93%
Petr Čech
93%
Thibaut Courtois
93%
Peter Schmeichel
91%
Edwin van der Sar
89%
Lew Jaszyn
89%
Oliver Kahn
88%
Ederson
81%
Nie znaleziono quizów pasujących do podanych kryteriów
Rozkład punktacji
Procent ludzi z każdym wynikiem
Percentyl według liczby udzielonych odpowiedzi
Twoja historia wyników
Nie rozwiązałeś tego quizu